| 000 | 00392nam a2200181Ia 4500 | ||
|---|---|---|---|
| 005 | 20250603145943.0 | ||
| 008 | 250603s9999 xx 000 0 und d | ||
| 020 | _a0582427754 | ||
| 050 | _aPZ 7 .A53 W76/ | ||
| 100 | _aAnderson, Kris | ||
| 245 | 4 | _aThe wrong trousers | |
| 260 | _aOxford | ||
| 260 | _bLongman | ||
| 260 | _c2003 | ||
| 300 | _a15 p | ||
| 650 | _aOxford | ||
| 942 | _cBK | ||
| 999 |
_c43345 _d43345 |
||